[Event "Amsterdam NH Hotels 5th"]
[Site "Amsterdam"]
[Date "2010.08.12"]
[Round "1"]
[White "Nakamura, Hikaru"]
[Black "Ljubojevic, Ljubomir"]
[Result "1-0"]
[WhiteElo "2729"]
[BlackElo "2572"]
[Annotator "Kritz,L"]
[PlyCount "81"]
[EventDate "2010.08.12"]
[EventType "schev"]
[EventRounds "10"]
[EventCountry "NED"]
[SourceTitle "CBM 138"]
[Source "ChessBase"]
[SourceDate "2010.09.17"]
[SourceVersion "1"]
[SourceVersionDate "2010.09.17"]
[SourceQuality "1"]

1. e4 c5 2. Nf3 Nc6 3. d4 cxd4 4. Nxd4 Nf6 (4... g6 {Wenn man den
Beschleunigten Drachen spielen möchte, dann besser mit dieser Zugfolge. Der
Nachteil ist natürlich, daß Weiß 5.c4 spielen kann.} 5. c4 Bg7 6. Be3 Nf6 7.
Nc3 $14 {Maroczy gilt als stabil besser für Weiß.}) 5. Nc3 g6 {Der
Beschleunigte Drachen ist durchaus eine spielbare Variante, man muss jedoch
eine andere Zugfolge wählen. In der Partie konnte Weiß mittels 6.Nxc6 zu
klarem Vorteil kommen.} 6. Nb3 {Um den theoretischen Varianten aus dem Weg zu
gehen. Zwei Alternativen sind besser:} (6. Nxc6 $5 bxc6 7. e5 Ng8 {Das ist das
Problem - Schwarz kann den Springer nicht nach d5 ziehen!} (7... Nd5 8. Nxd5
cxd5 9. Qxd5 Rb8 {Es sieht so aus, als ob Schwarz gute Kompensation für den
Bauern hätte. Für den Bauer - ja, aber Weiß hat noch etwas mehr materiellen
Vorteil:} 10. e6 $3 fxe6 11. Qe5 $1 $18 {Einer der beiden Türme geht verloren
und Schwarz kann aufgeben.}) 8. Bc4 Bg7 9. Qf3 f5 10. Bf4 $16 {Zelcic -
Feletar (Sibenik, 2008)}) (6. Bc4 {führt zur Hauptstellung.} Bg7 7. Be3 O-O 8.
Bb3 {mit langen komplexen Varianten, wobei man sagen muss, dass Weiß wenig
Risiko eingeht.}) 6... Bg7 7. Be2 O-O 8. O-O b6 $2 {Der Läufer auf b7 sieht
nur gut aus, eigentlich steht er einfach schlecht, weil Weiß den Bauern e4
mehr als genügend verteidigen kann. Besser ist das natürliche 8...d6.} (8... d6
9. Re1 (9. Kh1 a6 10. f4 b5 $132 {Nisipeanu - Carlsen (Foros, 2008)}) (9. Bg5
Be6 10. f4 b5 $1 11. a3 a5 12. Bf3 a4 13. Nc1 Nd7 14. Nd3 Nc5 $132 {Morozevich
- Ivanchuk (Dagomys, 2008)}) 9... a5 10. a4 Be6 11. Bg5 h6 12. Be3 d5 13. exd5
Bxd5 14. Nc5 Nb4 $132 {Kramnik - Navara (Prague, 2008)}) 9. f4 (9. Bg5 {
Es ist nicht klar, ob der Läufer auf g5 besser steht. Ich finde den Partiezug
richtig.} Bb7 10. f4 d6 11. Bf3 Na5 $1 12. Qe2 Qc7 $132 {Van der Wiel - Bacrot
(Wijk aan Zee, 1997)}) 9... Bb7 10. Bf3 Qc8 11. Be3 (11. e5 {Dieser Zug bietet
sich an, doch ob er Weiß Vorteil bringt, ist fraglich.} Ne8 12. Bg4 {Sonst
kommt d6.} (12. Be3 d6 13. Nd4 $2 dxe5 14. Nxc6 Bxc6 15. Bxc6 Qxc6 16. Qd5 Qxd5
17. Nxd5 e6 18. Ne7+ Kh8 $17) 12... f5 13. exf6 Nxf6 14. Bf3 e6 $132) 11... Rd8
12. Rf2 $1 (12. e5 Ne8 $11 {und wieder gibt es keine richtige Methode, gegen
d6 zu spielen.}) 12... d5 {Wenn der weiße Turm nach d2 gekommen wäre, gefolgt
von der Umstellung Qe2-Rad1, hätte Schwarz kein leichtes Leben gehabt. Aber
auch in der Partie hat er Schwierigkeiten.} (12... d6 13. Rd2 $16) 13. exd5 e6
(13... Nxd5 $5 {führt zu einer ähnlichen Stellung.} 14. Nxd5 e6 15. c3 $1 {
Das Beste, was Weiß machen kann, ist gegen den isolierten Bauern zu spielen.} (
15. c4 exd5 16. cxd5 Ne7 17. Rd2 Rd6 $1 {/\Qd7-Rad8 und Schwarz hat mehr als
ausreichende Kompensation.}) 15... exd5 16. Qd2 Qf5 17. Re1 $14) 14. d6 Nb4 (
14... Ne8 15. Rd2 Qd7 16. Nb5 Bxb2 17. Rb1 Bg7 18. c4 $1 $16) 15. Rd2 Bxf3 16.
Qxf3 Nbd5 {Schwarz bekommt den Bauern zurück, steht aber trotzdem sehr passiv.}
17. Nxd5 $2 ({Nach} 17. Bd4 $5 Rxd6 18. Bxf6 Bxf6 19. Ne4 Rc6 $1 (19... Rd8 20.
Rxd5 $18) 20. Nxf6+ Nxf6 21. Rad1 Kg7 (21... Rxc2 $4 22. Rxc2 Qxc2 23. Qxa8+
$18) 22. c3 $14 {hat Weiß zwar einen kleinen Vorteil, doch bei richtigem Spiel
wird Schwarz sich leicht verteidigen können.}) 17... exd5 $6 {Stärker wäre
Nxd5.} (17... Nxd5 $1 {Es ist nicht zu sehen, wie Weiß vorankommen kann.} 18.
Rad1 Rxd6 $11) 18. c3 Rxd6 {Die Stellung ist nicht besser für Weiß, weil sein
Bauer auf f4 steht und dadurch die Felder e4 und e3 geschwächt sind. Trotzdem,
auf lange Sicht muss Schwarz aufpassen, weil er den isolierten Bauern hat.
Weiß sollte versuchen, f5 durchzuziehen, um seinen Läufer zu aktivieren.} 19.
a4 $2 {Falscher Plan. Selbst wenn Weiß a5 und axb6 spielt, wird seine Stellung
nicht besser. Er muss den f-Bauern nach vorne bringen.} (19. Re2 $1 Ne4 20. Rf1
$36 {Mit der Idee, früher oder später f5 zu spielen.}) 19... Qc4 20. Nd4 Re8 {
Der Bauer a4 ist momentan einfach schwach.} 21. Kh1 (21. a5 Ne4 22. Re2 b5 $1
$15) 21... Rd7 22. Rdd1 Rde7 {Soweit hat Schwarz alles richtig gemacht. Im
Gegensatz dazu machen die Züge von Weiß überhaupt keinen Sinn.} 23. Bg1 a6 $2 {
Der Anfang zu passiven Spiels. Warum nicht Ne4?!} (23... Ne4 24. f5 Be5 $15)
24. Qd3 Qc8 {Das kann nicht gut gehen. Der Tausch auf c4 war keine Drohung.
Wenn man einen Isolani hat, sollte man nicht anfangen, passiv zu spielen.} (
24... Ne4 25. Qxc4 dxc4 $15) 25. Nf3 Re4 (25... Nh5 $1 {wäre stärker gewesen!}
26. Qxd5 Nxf4 27. Qg5 Qb8 $17) 26. Bxb6 Rxf4 27. Bg1 Rfe4 (27... Rf5 $1 {
Das wäre der richtige Aufbau gewesen. Der Springer geht nach e4, der Turm nach
h5, und der weiße König fängt an sich unwohl zu fühlen.} 28. Re1 Ne4 29. Bd4 (
29. Nd4 Rf2 $1 $17) 29... Qb7 30. Rab1 Bxd4 31. Qxd4 Rc8 $17) 28. a5 $1 {
Weiß nutzt die Zeit, die er hat, um die schwarze Schwäche a6 zu fixieren.
Seine einzige Chance ist der Durchbruch b4-b5.} Bh6 29. Rf1 Qb7 30. b4 Ng4 $2 {
Der Zug hat wenig Sinn. Schwarz hat zu langsam gespielt.} (30... Nh5 $5 31. b5
Nf4 32. bxa6 Qd7 33. Qd1 Re2 $132 {mit einer sehr komplizierten Stellung.}) 31.
b5 $1 {Plötzlich geht die schwarze Stellung auf!} Qxb5 (31... axb5 32. a6 Qa8
33. Bd4 Ne3 34. Rfb1 $16 {Der freie a-Bauer garantiert den weißen Vorteil.})
32. Qxb5 axb5 33. Rfb1 Be3 $2 {Der letzte Fehler. Das entstehende Endspiel ist
hoffnungslos.} (33... Bg7 34. Nd4 $1 {Weiß muss diesen Zug finden.} (34. Bd4
Bxd4 35. cxd4 (35. Nxd4 $2 b4 $1 36. a6 bxc3 37. a7 Kg7 $15) 35... Rb8 36. a6
Re7 $13 {Das Spiel läuft noch.}) 34... b4 35. Rxb4 Re1 36. Rxe1 Rxe1 37. Rb8+ (
37. g3 Bxd4 38. cxd4 Ra1 $15) 37... Bf8 38. g3 $16) 34. Bxe3 Nxe3 (34... Rxe3
35. a6 Rxc3 36. Rxb5 $16) 35. a6 Kg7 {Die beiden Spieler waren wohl in Zeitnot.
} 36. Nd4 (36. a7 Ra8 37. Nd4 $18) 36... b4 37. a7 bxc3 38. Rb8 R8e7 39. a8=Q
Ng4 40. Nf3 c2 41. h3 1-0

[Event "Minneapolis HB Global op"]
[Site "Minneapolis"]
[Date "2005.05.21"]
[Round "6"]
[White "Salimbagat, Rico"]
[Black "Khachiyan, Melikset"]
[Result "0-1"]
[WhiteElo "2379"]
[BlackElo "2473"]
[Annotator "Mikhalevski,V"]
[PlyCount "60"]
[EventDate "2005.05.18"]
[EventType "swiss"]
[EventRounds "9"]
[EventCountry "USA"]
[SourceTitle "CBM 107"]
[Source "ChessBase"]
[SourceDate "2005.08.01"]
[SourceVersion "1"]
[SourceVersionDate "2005.08.01"]
[SourceQuality "1"]

1. e4 c5 2. Nf3 Nc6 3. d4 cxd4 4. Nxd4 Nf6 5. Nc3 g6 {A provocative approach.
Black is ready to retreat back to g8 in order to have a hook on e5 for
exchanging White's centre.} (5... e5 {is the most popular continuation here
which leads to the Sveshnikov variation.}) 6. Nxc6 bxc6 7. e5 Ng8 8. Bc4 Bg7 9.
f4 $6 {Too optimistic. White weakens dark-squares without any need.} (9. Qe2 {
was played in the origin-game and White won easily, though not without help.}
Qa5 10. Bf4 d5 11. Bb3 Ba6 12. Qd2 e6 13. O-O-O Ne7 14. Kb1 Qc7 15. Rhe1 Rb8
16. Bg5 (16. Bh6 $5) 16... Bxe5 $2 (16... h6 $5) 17. Rxe5 $1 Rxb3 (17... Qxe5
18. Bf4 {[%csl Rb8]}) 18. Bf6 $1 $18 {Marshall,F-Robinson,D Saratoga,1899.}) ({
The main lines are.} 9. Bf4) ({and} 9. Qf3) 9... d5 ({Another way to exploit
White's last move is} 9... Qb6 10. Bb3 Nh6 11. Qf3 $6 (11. Qd3 $5) 11... Nf5
12. g4 Nd4 13. Qf2 Nxb3 14. axb3 Qxf2+ 15. Kxf2 O-O (15... d6 $5) 16. Be3 f6 {
0-1 Myagmarsuren,L-Gheorghiu,F/Leningrad 1960/EXT 2000 (27). (27) and Black
was fine.}) 10. Be2 ({White can't hope for advantage also after} 10. exd6 exd6
{Now Black's dark-squared bishop sees light again, Black is ready to take
centre by the d-pawn and also dark squares near the white king are weak.} 11.
O-O Ne7 12. Qf3 O-O 13. Be3 Qc7 14. Rad1 Nf5 {1/2-1/2 Solomon,S-Kagan,I/
Melbourne 1992/EXT 97 (64). (63) and Black is at least not worse.}) 10... f6 $1
{Black is starting to destroy the centre.} 11. Qd4 ({Anyway White can't hold
the centre so why not} 11. exf6 Nxf6 12. Be3 {covering the dark-squares.})
11... Nh6 $6 {An inaccuracy.} ({It would be better to force the exchange of
queens by means of} 11... Qc7 $5 12. Qc5 (12. Qa4 Bd7 13. exf6 Nxf6) 12... Qb6
$15) 12. Qc5 $2 {White misses his chance and allows the following exchange.} (
12. Qa4 $1 {with the idea} Bd7 13. e6 Bxe6 14. Qxc6+ Kf7 15. Be3 Nf5 16. Bf2
$11 {leads to a normal position for White.}) 12... Qb6 $1 {Black offers
another favourable for him exchange.} 13. Qxb6 {A sad necessity.} (13. Na4 {
is not better.} Qxc5 14. Nxc5 fxe5 15. fxe5 Nf7 $17 {[%csl Re5] and White
can't protect the e5-pawn.}) 13... axb6 14. O-O $2 {Loses a pawn.} ({Black's
pawn structure after} 14. exf6 Bxf6 $15 {is much better; the knight will have
a nice parking slot on f5, the dark-squared bishop is strong. What else Black
can expect from the opening? Nevertheless it would be much better than the
game.}) 14... fxe5 15. fxe5 Nf7 $1 $17 {[%csl Re5] How is White going to
protect the e5-pawn ?} 16. Be3 Bxe5 {Black won a pawn for nothing. An attempt
to win it back leads White to disaster.} 17. Bxb6 Rb8 18. Na4 $6 {White gives
up two pieces for a rook, but the endgame arising is absolutely hopeless.} (18.
Ba5 $5 Rxb2 {is also not great, though White is only a pawn down.}) 18... Rxb6
19. Nxb6 Bd4+ 20. Kh1 Bxb6 $19 {In addition to two pieces Black also obtained
a strong centre. The rest is a matter of technique.} 21. b4 Nd6 22. a4 Bf5 23.
Bd3 Kd7 24. Rab1 Ra8 25. Ra1 e5 26. h3 e4 27. Be2 e3 28. Bd3 Bd4 29. Ra2 Bc3 $1
30. Rb1 Re8 {and White decided to stop suffering.This game is a good example
how not to play in the opening.} 0-1

[Event "Olympiad-36"]
[Site "Mallorca"]
[Date "2004.10.27"]
[Round "12"]
[White "Georgiev, Vladimir"]
[Black "Tiviakov, Sergei"]
[Result "1-0"]
[WhiteElo "2512"]
[BlackElo "2617"]
[Annotator "Mikhalevski,V"]
[PlyCount "121"]
[EventDate "2004.10.15"]
[EventType "team-swiss"]
[EventRounds "14"]
[EventCountry "ESP"]
[SourceTitle "CBM 104"]
[Source "ChessBase"]
[SourceDate "2005.01.27"]
[SourceVersion "1"]
[SourceVersionDate "2005.01.27"]
[SourceQuality "1"]
[WhiteTeam "Macedonia"]
[BlackTeam "Netherlands"]
[WhiteTeamCountry "MKD"]
[BlackTeamCountry "NED"]

1. e4 c5 2. Nf3 Nc6 3. Nc3 g6 4. d4 cxd4 5. Nxd4 Bg7 6. Nde2 Nf6 7. g3 b5 8.
Bg2 Rb8 9. O-O b4 {A very uncommon move in this specific position, although
the idea itself is typical for Dragon with g3. The main drawback is that Black
starts operations on the queenside while his king is still in the centre and
White can try to exploit this fact by opening the position.} ({The main line is
} 9... O-O {Tiviakov himself played like this earlier.} 10. Nd5 (10. h3 d6 11.
Re1 a5 12. a4 b4 13. Nb5 Ba6 14. c4 bxc3 15. Nexc3 Nd7 {and Black is ok. 1-0
Movsesian,S-Zhu Chen/Cappelle la Grande 1998/CBM 63 ext (38)}) 10... d6 11. c3
(11. h3 {An interesting idea was demonstrated by White in the following game:}
Nd7 12. c3 e6 13. Nb4 Nxb4 14. cxb4 Ne5 15. Be3 a6 16. Bd4 Bb7 17. b3 f5 18. f4
Nc6 19. Bxg7 Kxg7 20. Qd2 fxe4 21. Bxe4 {and White is slightly better thanks
to weakness of the d and e-pawns. 1-0 Al Modiahki,M-Shaw,J/Groningen 1999/CBM
73 ext (37)}) 11... b4 12. cxb4 Nxb4 13. a3 Nbxd5 14. exd5 Bb7 15. Nc3 Qd7 16.
Re1 Rfc8 17. Be3 Ba8 18. Rb1 a5 {and Black is fine. 0-1 Atlas,V-Tiviakov,S/
Chalkidiki 2002/CBM 92 (50). (50)}) 10. Nd5 d6 (10... O-O $5) 11. a3 a5 ({
In case of} 11... bxa3 12. Rxa3 {[%csl Ra7][%cal Gc2c3] White is better thanks
to weakness of the e1-square.}) 12. axb4 axb4 13. Ra2 $6 {White is preparing
b3 and that's why he needs his rook out of the a1-h8 diagonal. However he
misses a chance to fight for inititive.} ({In the only preceding game Black
obtained a good play after} 13. h3 Nd7 14. Kh2 O-O 15. Ra2 Nc5 16. b3 Ba6 {
1-0 Mach,H-Dekic,J/Budapest 1995/EXT 97 (42)}) (13. Nd4 $5 {was worth trying.
This way White could create a threat to the b4-pawn.} Nxd4 14. Qxd4 {[%cal
Gd5b4]} O-O 15. Nxb4 Bb7 16. Qc4 $1 {and Black has to prove whether he has
enough compensation for the sacrificed pawn.}) 13... O-O 14. b3 {[%csl Rc3] A
weird plan taking in consideration that White still has a pawn on c2.} Nd7 {
[%cal Gd7c5] This is also a typical manoeuvre of the knight in these positions.
} 15. Bg5 Nc5 16. Qd2 Ba6 $5 {The bishop enters the game, but in the same time
its position is a bit shaky there.} ({A quiet} 16... Bb7 {deserved attention.})
17. Re1 Re8 18. Be3 {[%csl Ra6][%cal Ge3c5]} Bxe2 19. Rxe2 e6 $6 {It seems
that Tiviakov missed the idea, which occured in the game.} ({It was better to
start with} 19... Qc8 $1 {[%cal Ge7e6] preparing e6.} 20. Bh6 $1 e6 21. Bxg7
Kxg7 22. Ne3 Qc7 23. Ng4 {[%csl Rf6][%cal Gd2h6]} Qe7 $1 {and Black is only
slightly worse.}) 20. Bg5 $1 f6 $8 ({In case of} 20... Qc8 $2 21. Nf6+ {
Black would have to trade his dark-squared bishop.} Bxf6 22. Bxf6 $16) 21. Be3
$1 {The point of White's idea. He provoked f6 and thus weakened the
a2-g8-diagonal, which makes the d5-knight untouchable.} Kh8 ({Of course not} 
21... exd5 $2 22. Qxd5+ Kh8 23. Qxc6 $18) 22. Nf4 $14 {[%csl Rd6,Re6,Rg7]
White is better as both the d6 and e6-pawns are weak and the g7-bishop is out
of play.} Qc7 23. Re1 {[%cal Ge1d1]} Ne5 ({I think it would be better to open
the dark-squared bishop as soon as possible.} 23... f5 $5) 24. Rd1 Rb6 $6 {
An inaccuracy. Black shouldn't leave the 8th rank.} (24... Ng4 $6 {forces
exchange of the dark-squared bishop, but weakness of the e6 and c5-pawns
allows White to hope for a clear advantage.} 25. Bxc5 dxc5 (25... Qxc5 26. h3
Ne5 27. Qxd6 $16) 26. Qd6 Qxd6 27. Rxd6 e5 28. Ne6 $16 {[%csl Rc5,Rg7]}) (24...
Red8 {with the idea} 25. Rda1 Nc6 {is the best defense.}) 25. Rda1 {[%cal
Ga2a8,Ga2a7]} Qc6 {[%cal Ge5g4]} 26. Qe2 {[%csl Gg4]} ({Another way to prevent
Ng4 is} 26. Bd4 $5) 26... Rbb8 27. Bd4 Qc8 28. h4 Nc6 29. Be3 $2 {A strange
decision, which looks more like a mistake of the man who entered the game,
than a real move since Black's reply can be also hardly explained.} ({It was
better to stay on the big diagonal.} 29. Bb2 $142) 29... e5 $2 {[%csl Rd5] It
doesn't look like a good idea. Black gives up the d5-square in order to take
control over the d4-square, but weakness of the light squares seems to be more
essential.} (29... f5 $1 30. Rd1 Nxe4 31. Bxe4 fxe4 32. Rxd6 e5 {[%cal Gc6d4]})
30. Nd5 $16 Ne6 (30... f5 $5 {[%csl Gg7]}) 31. Qd2 (31. h5 $5 {weakening the
position of the black king was worth trying.} Ned4 32. Qd1) 31... Ned4 32. Bxd4
$1 {[%csl Rb4] White is trying to force the e-pawn to d4.} exd4 $6 (32... Nxd4
33. Nxb4 Rxb4 34. Qxb4 Nxc2 35. Qxd6 Nxa1 36. Rxa1 $16 {is also very
unpleasant for Black, but I think it would be a better practical chance.}) 33.
Ra6 $1 (33. h5 $5 {[%csl Rf6][%cal Gh5h6]}) 33... Ne5 34. Ra7 $1 {[%cal Ga7c7]}
(34. Nxb4 {allows some counterplay.} f5 35. exf5 Qxf5 36. f4 Ng4) 34... Rb7 (
34... f5 {is not better.} 35. Rc7 Ra8 $1 36. Rd1 $1 $16) 35. Rxb7 Qxb7 36. Qxb4
{White won a pawn and the game enters the technical stage.} Qxb4 37. Nxb4 f5
38. exf5 gxf5 39. f4 $5 {[%csl Rf5] An interesting decision. White fixes the
f5-pawn and exchanges the rooks, after which the weakness of the f5-pawn
becomes real.} Ng4 40. Ra8 $1 Rxa8 41. Bxa8 Ne3 42. Kf2 Bf6 43. Nd5 $1 {
Another useful exchange. Now in order to protect the f5-pawn Black has to give
up the d4-pawn.} Nxd5 44. Bxd5 d3 (44... Kg7 $5 {leads to a better version of
the game after} 45. Be6 d3 46. cxd3 ({However also} 46. Bxf5 $5 {has to be
considered seriously.}) 46... Bd4+ 47. Kf3 Kf6 48. Bd7 Bc5 {preventing b4,
which hardly saves the game, but makes White's task more difficult.}) 45. cxd3
Bd4+ 46. Kf3 Kg7 47. b4 $1 {First the pawn goes to b5.} Kf6 48. b5 h6 49. h5
Bb6 50. Bb7 Ke6 $2 (50... Bc5 $5 {looks like a better defense. This way Black
could try to meet the penetration of the white king to the queenside by
playing d5.} 51. Bc8 d5 $1 52. Bb7 Ke6 {and White still has to break the
fortress.}) 51. Bc8+ Kf6 52. g4 $1 fxg4+ 53. Ke4 $1 $18 {[%cal Ge4d5,Gd5c6]
Now the king penetrates to the queenside and White wins easily.} g3 54. Bh3 Ke7
55. Kd5 Be3 56. f5 $1 Bc5 57. Kc6 {Now the b-pawn supported by the king
decides the game.} Be3 58. b6 Bf4 {Otherwise b7 followed by Kc7.} 59. f6+ $1 {
A clever way to promote the b-pawn.} Kxf6 60. Kd5 $1 Be3 61. d4 $1 1-0